Ide o ťažké peniaze

Súčasný stav v prípade PET fliaš. Gesciu nad zúčtovacím centrom pre PET obaly nebude mať recyklačný fond.

Saved in:
Bibliographic Details
Main Author: Hinková-Dibarborová, Andrea
Format: Book Chapter
Language:Slovak
Subjects:
Tags: Add Tag
No Tags, Be the first to tag this record!

MARC

LEADER 00000naa a2200000 4500
001 r049442
005 20231004094934.1
041 0 |a slo 
044 |a SK 
245 1 0 |a Ide o ťažké peniaze  |c Andrea Hlinková-Dibarborová 
520 |a Súčasný stav v prípade PET fliaš. Gesciu nad zúčtovacím centrom pre PET obaly nebude mať recyklačný fond. 
610 2 0 |a obaly 
610 2 0 |a recyklácia odpadu 
610 2 0 |a ochrana prostredia životného 
100 1 |a Hinková-Dibarborová, Andrea